| 000 | 00891cam a22002893a 4500 | ||
|---|---|---|---|
| 001 | 1028 | ||
| 003 | PGUSA | ||
| 005 | 20140828082956.0 | ||
| 008 | 970801s1997||||xxu|||||s|||||000 1 eng d | ||
| 040 |
_aPGUSA _beng |
||
| 042 | _adc | ||
| 050 | 4 | _aPR | |
| 100 | 1 |
_aBrontë, Charlotte, _d1816-1855 |
|
| 245 | 1 | 4 |
_aThe Professor _h[electronic resource] / _cCharlotte Brontë |
| 260 |
_bProject Gutenberg, _c1997 |
||
| 506 | _aPublic domain in the USA. | ||
| 516 | _aElectronic text | ||
| 653 | _aBritish -- Belgium -- Fiction | ||
| 653 | _aBelgium -- Social life and customs -- 19th century -- Fiction | ||
| 653 | _aWomen teachers -- Fiction | ||
| 653 | _aTriangles (Interpersonal relations) -- Fiction | ||
| 653 | _aBrussels (Belgium) -- Fiction | ||
| 653 | _aLove stories | ||
| 830 | 0 |
_aProject Gutenberg _v1028 |
|
| 856 | 4 | 0 | _uhttp://www.gutenberg.org/ebooks/1028 |
| 942 | _cEB | ||
| 999 |
_c230379 _d230379 |
||